zpět

Detail výsledku týmu

Dno pytle - Vinohrady, Praha

Datum a čas kvízu

23.5 Celkem bodů Celkový počet nahraných bodů na tomto kvízu bez doplňovacích otázek.
9. Pořadí na kvízu Konečné umístění týmu na tomto kvízu.

Zaznamenané odpovědi

# Otázka Odpověď Body Výsledky
1. Opravdu kuriózní střet se odeh... 0
2. Kim Čong-un si na summit v Sin... 0
3. O tom, že v Praze vystoupí leg... 0.5
4. Minulý týden proběhl v německé... 0
5. Jakým výsledkem skončil úvodní... 1
6. My Češi jsme specialisté na př... 0
7. Vozidlo Tatra 57 bylo vyráběno... 0
8. Jakou ptačí přezdívku dostal v... 1
9. Aby se v 90. letech v inzeráte... 0
10. Sovětský automobil vyšší střed... 0